| 000 | 01665nam0a2200373 4500 | ||
|---|---|---|---|
| 001 | RU\NLR\bibl\369237 | ||
| 005 | 20260407123931.0 | ||
| 010 |
_a5-7890-0227-7 _970 |
||
| 021 |
_aRU _b2002-59438 _92890 |
||
| 035 | _a(NLR Aleph) 000363792 | ||
| 090 |
_a352292 _c352292 |
||
| 100 | _a20030206d2002 |||y0rusy50 ca | ||
| 101 | 0 | _arus | |
| 102 | _aRU | ||
| 105 | _aa ||||||||| | ||
| 200 | 1 |
_aВопросы вибрационной технологии _eМежвуз. сб. науч. ст. _fМ-во образования Рос. Федерации, Дон. гос. техн. ун-т _g[Науч. ред. А. П. Бабичев] |
|
| 210 |
_aРостов н/Д _cДГТУ _d2002 |
||
| 215 |
_a109 с. _cил. _d21 |
||
| 320 | _aБиблиогр. в конце ст. | ||
| 606 | 0 |
_aВибрационная обработка материалов _jСборники _91246807 _3RU\NLR\auth\66192822 |
|
| 606 | 0 |
_aМатериалы _jСборники _xВибрационная обработка _92164014 _3RU\NLR\auth\661302166 |
|
| 610 | 0 | _aВибрационная техника | |
| 675 |
_a621.9.048.6(082) _v3 _zrus |
||
| 686 |
_a55 _2rugasnti |
||
| 686 |
_a34.63 _2rubbk |
||
| 686 | _aЖ678я43 | ||
| 702 | 1 |
_4340 _8rus _7ca _aБабичев _bА. П. _f1928- _gАнатолий Прокофьевич _3RU\NLR\auth\7760172 _943103 |
|
| 712 | 0 | 2 |
_4570 _aДонской государственный технический университет _cРостов-на-Дону _3RU\NLR\AUTH\889964470 _9425177 |
| 801 | 0 |
_aRU _bRKP _c20030206 _gPSBO |
|
| 801 | 1 |
_aRU _bRKP _c20030206 |
|
| 801 | 2 |
_aRU _bNLR _c20080109 _grcr |
|
| 942 | _cBOOK | ||
| 980 | _aNB | ||